=LDR 00000nam 2200000 4500 =001 INLIS000000000038304 =005 20130612143957 =008 ***********************************Ind** =035 ##$$0010-061300000038304 =041 ##$$a Ind =082 ##$$a R.398.803 =090 ##$$a R.398.803, Bad k =100 ##$$a Badudu, J.S =245 ##$$a Kamus pribahasa, Memahami arti dan kiasan Pribahasa, pepatah, dan ungkapan, J.S. Badudu; Editor, Irwan Suhada =260 ##$$a [sa] $b Jakarta =300 ##$$a xii,297 hlm, 21 cm =650 ##$$a Pepatah kamus =700 ##$$a Suhada, Irwan =850 ##$$a NBPNMAT